|
|
|
|
| LEADER |
01895nam a2200397 a 4500 |
| 001 |
EBC3319898 |
| 003 |
MiAaPQ |
| 005 |
20200520144314.0 |
| 006 |
m o d | |
| 007 |
cr cn||||||||| |
| 008 |
120120s2006 gw a sb 100 0 eng d |
| 020 |
|
|
|z 3899582470
|
| 020 |
|
|
|z 9783899582475
|
| 035 |
|
|
|a (MiAaPQ)EBC3319898
|
| 035 |
|
|
|a (Au-PeEL)EBL3319898
|
| 035 |
|
|
|a (CaPaEBR)ebr10522576
|
| 035 |
|
|
|a (OCoLC)923208325
|
| 040 |
|
|
|a MiAaPQ
|c MiAaPQ
|d MiAaPQ
|
| 050 |
|
4 |
|a HN49.C6
|b P76 2006
|
| 245 |
0 |
0 |
|a Proceedings of the Mini Workshop Southeast Asia Germany Alumni Network (SEAG)
|h [electronic resource] :
|b April 25-26th, 2005 Bogor, Indonesia /
|c editor, Bambang Pontjo Priosoeryanto ... [et al.].
|
| 246 |
1 |
4 |
|a Proceding of the Mini Workshop Southeast Asia Germany Alumni Network (SEAG)
|
| 260 |
|
|
|a Kassel, Hessen [Germany] :
|b Kassel Universitat,
|c 2006.
|
| 300 |
|
|
|a viii, 109 p. :
|b ill. (some col.).
|
| 490 |
1 |
|
|a Journal of agriculture and rural development in the tropics and subtropics. Beiheft,
|x 1613-8422 ;
|v 88
|
| 500 |
|
|
|a "Development of animal health and production for improving the sustainability of livestock farming in the integrated agriculture systems."
|
| 504 |
|
|
|a Includes bibliographical references.
|
| 533 |
|
|
|a Electronic reproduction. Ann Arbor, MI : ProQuest, 2015. Available via World Wide Web. Access may be limited to ProQuest affiliated libraries.
|
| 650 |
|
0 |
|a Rural development
|v Congresses.
|
| 650 |
|
0 |
|a Animal health
|v Congresses.
|
| 650 |
|
0 |
|a Livestock farms
|v Congresses.
|
| 650 |
|
0 |
|a Agriculture
|v Congresses.
|
| 655 |
|
4 |
|a Electronic books.
|
| 700 |
1 |
|
|a Priosoeryanto, Bambang Pontjo.
|
| 710 |
2 |
|
|a ProQuest (Firm)
|
| 830 |
|
0 |
|a Journal of agriculture and rural development in the tropics and subtropics.
|p Supplement ;
|v 88.
|
| 856 |
4 |
0 |
|u https://ebookcentral.proquest.com/lib/matrademy/detail.action?docID=3319898
|z Click to View
|